[Event "Pfalz-ch MTA"]
[Site "?"]
[Date "2000.??.??"]
[Round "2"]
[White "Moeldner Juergen"]
[Black "Gnichtel Gerd"]
[Result "0-1"]
[WhiteElo "2289"]
[BlackElo "2241"]
[PlyCount "48"]
[EventDate "2000.??.??"]
[Source "www.chesslib.no"]
[SourceDate "2004.05.04"]

1. d4 Nf6 2. c4 g6 3. Nc3 Bg7 4. e4 d6 5. f4 O-O 6. Nf3 c5 7. d5 e6 8. Be2 exd5 9. e5 Ne4 10. cxd5 Nxc3 11. bxc3 Nd7 12. O-O dxe5 13. Rb1 e4 14. Ng5 Nf6 15. Bc4 h6 16. Nxf7 Kxf7 17. d6+ Ke8 18. f5 gxf5 19. g4 fxg4 20. Be3 b6 21. Bb5+ Bd7 22. Rxf6 Rxf6 23. Qxg4 Bxb5 24. Qxg7 Qxd6 0-1

[Event "Aalborg op"]
[Site "Aalborg"]
[Date "1993.??.??"]
[Round "2"]
[White "Baturin, Mikhail"]
[Black "Meyer, Lars A"]
[Result "1-0"]
[WhiteElo "2175"]
[BlackElo "2345"]
[PlyCount "97"]
[EventDate "1993.??.??"]
[Source "www.chesslib.no"]
[SourceDate "2004.05.04"]

1. d4 Nf6 2. c4 g6 3. Nc3 Bg7 4. e4 d6 5. f4 O-O 6. Nf3 c5 7. d5 e6 8. Be2 exd5 9. e5 Ne8 10. cxd5 Bg4 11. Ng5 Bxe2 12. Qxe2 Qe7 13. e6 f5 14. Be3 Na6 15. Rd1 Nac7 16. O-O Nf6 17. Rfe1 h6 18. Nf3 Rfd8 19. a4 Kh7 20. Qd3 a6 21. Bxc5 Nfxd5 22. Nxd5 Nxd5 23. Ba3 Nxf4 24. Qd2 Nh5 25. Bxd6 Qe8 26. Qb4 Qc6 27. e7 Re8 28. Ne5 a5 29. Qb3 Bxe5 30. Rxe5 Ng7 31. Qf7 Qxa4 32. Ree1 Rg8 33. Be5 Qe8 34. Qf6 Ra6 35. Rd6 Nh5 36. Qe6 Ng7 37. Qf6 Nh5 38. Qe6 Ng7 39. Bxg7 Rxg7 40. Rxa6 bxa6 41. Qd6 a4 42. Qf6 h5 43. h3 Rg8 44. Re3 Rg7 45. Kh2 Rg8 46. Kg1 Rg7 47. Kh1 Kh6 48. Qf8 Qb5 49. Re1 1-0

[Event "CZE Ch"]
[Site "Czech Republic"]
[Date "1993.??.??"]
[Round "3"]
[White "Pastor, Karel jr"]
[Black "Pisk, Petr"]
[Result "0-1"]
[WhiteElo "2180"]
[BlackElo "2340"]
[PlyCount "36"]
[EventDate "1993.??.??"]
[Source "www.chesslib.no"]
[SourceDate "2004.05.04"]

1. d4 Nf6 2. c4 g6 3. Nc3 Bg7 4. e4 d6 5. f4 O-O 6. Nf3 c5 7. d5 e6 8. Be2 exd5 9. e5 Ne4 10. cxd5 Nxc3 11. bxc3 Nd7 12. Bb5 dxe5 13. Bxd7 e4 14. Bxc8 Bxc3+ 15. Bd2 Bxa1 16. Bxb7 exf3 17. Qxa1 Qe7+ 18. Qe5 fxg2 0-1

[Event "White Nights op"]
[Site "?"]
[Date "1999.??.??"]
[Round "4"]
[White "Marinin Viktor"]
[Black "Toporov Victor"]
[Result "0-1"]
[WhiteElo "2178"]
[BlackElo "2334"]
[PlyCount "68"]
[EventDate "1999.??.??"]
[Source "www.chesslib.no"]
[SourceDate "2004.05.04"]

1. d4 Nf6 2. c4 g6 3. Nc3 Bg7 4. e4 O-O 5. f4 d6 6. Nf3 c5 7. d5 e6 8. Be2 exd5 9. e5 dxe5 10. fxe5 Ng4 11. Bg5 Qa5 12. cxd5 Nxe5 13. O-O Bf5 14. Be7 Re8 15. d6 Ned7 16. Ng5 c4 17. Nd5 Nc6 18. Nc7 Rxe7 19. Nxa8 Re5 20. Nc7 Qc5+ 21. Kh1 Qe3 22. Nxf7 Qxe2 23. Nxe5 Qxd1 24. Raxd1 Ncxe5 25. Nd5 Bd3 26. Ne7+ Kh8 27. Rf4 h5 28. h3 Kh7 29. Nd5 b5 30. Re1 Bf5 31. Re2 a6 32. g4 Bd3 33. Ref2 g5 34. Rf7 Be4+ 0-1

[Event "Balatonbereny op"]
[Site "Balatonbereny"]
[Date "1993.??.??"]
[Round "9"]
[White "Kock, Hans Uwe"]
[Black "Kaplan, Lael"]
[Result "1/2-1/2"]
[WhiteElo "2315"]
[BlackElo "2185"]
[PlyCount "77"]
[EventDate "1993.09.??"]
[Source "www.chesslib.no"]
[SourceDate "2004.05.04"]

1. d4 Nf6 2. c4 g6 3. Nc3 Bg7 4. e4 d6 5. f4 O-O 6. Be2 c5 7. d5 e6 8. Nf3 exd5 9. e5 Nfd7 10. Qxd5 Nb6 11. Qxd6 Qxd6 12. exd6 Be6 13. Nb5 Na6 14. Nd2 Nb4 15. O-O Nc2 16. Rb1 Bf5 17. g4 Nd4 18. gxf5 Nxe2+ 19. Kf2 Nxc1 20. Rfxc1 a6 21. Nc7 Rad8 22. fxg6 hxg6 23. Ne4 f5 24. Ng5 Rxd6 25. Nce6 Re8 26. Nxg7 Rd2+ 27. Kf3 Kxg7 28. Re1 Rxe1 29. Rxe1 Rxb2 30. Re7+ Kg8 31. Rxb7 Nxc4 32. Rc7 Rxa2 33. Rxc5 Nd2+ 34. Ke3 Nf1+ 35. Kd4 Nxh2 36. Rc8+ Kg7 37. Rc7+ Kf8 38. Kd5 Ng4 39. Ne6+ 1/2-1/2

[Event "Dortmund op-A"]
[Site "Dortmund GER"]
[Date "1992.??.??"]
[Round "11"]
[White "Schulze, HH."]
[Black "Hoehn, Jan"]
[Result "0-1"]
[WhiteElo "2265"]
[BlackElo "2235"]
[PlyCount "56"]
[EventDate "1992.04.??"]
[Source "www.chesslib.no"]
[SourceDate "2004.05.04"]

1. d4 Nf6 2. c4 g6 3. Nc3 Bg7 4. e4 d6 5. f4 O-O 6. Be2 c5 7. d5 e6 8. Nf3 exd5 9. e5 Ne4 10. cxd5 Nxc3 11. bxc3 Nd7 12. O-O dxe5 13. fxe5 Nxe5 14. Ng5 c4 15. Kh1 Bf5 16. Rxf5 gxf5 17. Qf1 h6 18. Nh3 Qxd5 19. Bf4 Rad8 20. Be3 Ng4 21. Bxa7 b5 22. Nf4 Qa8 23. Bc5 Bxc3 24. Bxf8 Bxa1 25. Qxa1 Kxf8 26. Bf3 Qb8 27. Qh8+ Ke7 28. Nd5+ Ke6 0-1

[Event "POL-chT2"]
[Site "Polanica Zdroj"]
[Date "1999.??.??"]
[Round "3"]
[White "Grobelny, Alojzy"]
[Black "Szymczak, Zbigniew"]
[Result "0-1"]
[WhiteElo "2202"]
[BlackElo "2295"]
[PlyCount "41"]
[EventDate "1999.??.??"]
[Source "www.chesslib.no"]
[SourceDate "2004.05.04"]

1. d4 g6 2. c4 Bg7 3. Nc3 c5 4. d5 d6 5. e4 Nf6 6. f4 O-O 7. Nf3 e6 8. Be2 exd5 9. e5 dxe5 10. fxe5 Ng4 11. Ng5 Qa5 12. cxd5 Nxe5 13. O-O Nbd7 14. Be3 Re8 15. d6 Nf3+ 16. Bxf3 Bd4 17. Kh1 Ne5 18. Bd5 Bf5 19. Rxf5 gxf5 20. Qh5 Re7 21. dxe7 0-1

[Event "POL-chT2"]
[Site "Polanica Zdroj"]
[Date "1999.??.??"]
[Round "6"]
[White "Grobelny, Alojzy"]
[Black "Toczek, Grzegorz"]
[Result "1-0"]
[WhiteElo "2202"]
[BlackElo "2288"]
[PlyCount "40"]
[EventDate "1999.??.??"]
[Source "www.chesslib.no"]
[SourceDate "2004.05.04"]

1. d4 Nf6 2. c4 g6 3. Nc3 Bg7 4. e4 d6 5. f4 O-O 6. Nf3 c5 7. d5 e6 8. Be2 exd5 9. e5 dxe5 10. fxe5 Ng4 11. Bg5 Qa5 12. cxd5 Nxe5 13. O-O Nbd7 14. Be7 Re8 15. d6 c4 16. Kh1 b5 17. Nd5 Bb7 18. Nxe5 Bxe5 19. Bf3 Rab8 20. Nc7 Rxe7 1-0

[Event "Lvov"]
[Site "?"]
[Date "1999.??.??"]
[Round "?"]
[White "Fuks Sergey"]
[Black "Blot Jerome"]
[Result "0-1"]
[WhiteElo "2236"]
[BlackElo "2253"]
[PlyCount "62"]
[EventDate "1999.??.??"]
[Source "www.chesslib.no"]
[SourceDate "2004.05.04"]

1. d4 Nf6 2. c4 g6 3. Nc3 Bg7 4. e4 d6 5. f4 O-O 6. Nf3 c5 7. d5 e6 8. Be2 exd5 9. e5 dxe5 10. fxe5 Ng4 11. Bg5 Qa5 12. cxd5 Nxe5 13. O-O Nbd7 14. Be7 Re8 15. d6 c4 16. Kh1 Rb8 17. Ne4 Nxf3 18. Rxf3 Ne5 19. Nf6+ Bxf6 20. Rxf6 Bd7 21. Rf4 Qc5 22. Qd2 b5 23. b4 cxb3 24. axb3 Rbc8 25. Rh4 Qc3 26. Qd1 Qe3 27. Qf1 Rc5 28. Re1 Rec8 29. Bc4 Qc3 30. Rxe5 Rxc4 31. Rxh7 Rf4 0-1

[Event "Murcia op"]
[Site "?"]
[Date "1997.??.??"]
[Round "8"]
[White "Zabala Ordonez Alvaro"]
[Black "Cabezas Ayala Ivan"]
[Result "1/2-1/2"]
[WhiteElo "2235"]
[BlackElo "2245"]
[PlyCount "49"]
[EventDate "1997.??.??"]
[Source "www.chesslib.no"]
[SourceDate "2004.05.04"]

1. d4 Nf6 2. c4 g6 3. Nc3 Bg7 4. e4 d6 5. f4 O-O 6. Nf3 c5 7. d5 e6 8. Be2 exd5 9. e5 dxe5 10. fxe5 Ng4 11. Bg5 f6 12. exf6 Bxf6 13. Qxd5+ Qxd5 14. Nxd5 Bxg5 15. Nxg5 Nc6 16. Nc7 Rb8 17. Nce6 Bxe6 18. Nxe6 Rbe8 19. Bxg4 Nd4 20. O-O-O Nxe6 21. Rd7 Rf7 22. Rxf7 Kxf7 23. Bf3 b6 24. Bd5 Kg7 25. Re1 1/2-1/2

[Event "Ostende Team Ch EWG"]
[Site "Ostende"]
[Date "1975.09.21"]
[Round "4.2"]
[White "Beyen, Roland"]
[Black "Kernan, Bernard"]
[Result "1/2-1/2"]
[WhiteElo "2280"]
[BlackElo "2200"]
[PlyCount "81"]
[EventDate "1975.??.??"]
[Source "www.chesslib.no"]
[SourceDate "2004.05.04"]

1. d4 Nf6 2. c4 g6 3. Nc3 Bg7 4. e4 d6 5. f4 O-O 6. Nf3 c5 7. d5 e6 8. Be2 exd5 9. e5 Ne4 10. Qxd5 Nxc3 11. bxc3 Nc6 12. O-O dxe5 13. Qxc5 e4 14. Ne5 Nxe5 15. fxe5 Be6 16. Qd4 Qa5 17. Bf4 Rfd8 18. Qxe4 Qxc3 19. Rad1 Qb2 20. Rd6 Bf5 21. Rxd8+ Rxd8 22. Qe3 Qxa2 23. c5 Bf8 24. Rc1 Be6 25. Bf3 Bd5 26. e6 Bxf3 27. exf7+ Qxf7 28. Qxf3 Qd5 29. Qxd5+ Rxd5 30. Be3 Re5 31. Bd4 Re6 32. Rb1 Re7 33. Ra1 Rd7 34. Be3 Rd3 35. Kf2 Rc3 36. c6 Rxc6 37. Rxa7 Rf6+ 38. Kg1 Rf7 39. Ra5 Kg7 40. Bd4+ Kg8 41. Ra8 1/2-1/2

[Event "GER-chT Landesliga"]
[Site "?"]
[Date "2001.07.30"]
[Round "2.1"]
[White "Baerwinkel Tobias"]
[Black "Haensel Thomas"]
[Result "1/2-1/2"]
[WhiteElo "2212"]
[BlackElo "2263"]
[PlyCount "82"]
[EventDate "2001.??.??"]
[Source "www.chesslib.no"]
[SourceDate "2004.05.04"]

1. d4 Nf6 2. c4 g6 3. Nc3 Bg7 4. e4 d6 5. f4 O-O 6. Nf3 c5 7. d5 e6 8. Be2 exd5 9. e5 dxe5 10. fxe5 Ng4 11. Bg5 Qa5 12. cxd5 Nxe5 13. O-O Nbd7 14. Nxe5 Nxe5 15. Be7 Re8 16. d6 Be6 17. Nd5 Bxd5 18. Qxd5 Rxe7 19. dxe7 Qc7 20. Rac1 Qxe7 21. Qxc5 Nf3+ 22. Kh1 Qxe2 23. Rxf3 Qxb2 24. Qc4 Rf8 25. Rcf1 b5 26. Qd5 Qe5 27. Qxe5 Bxe5 28. g3 f6 29. Rb1 Rb8 30. Rfb3 a6 31. a4 Rc8 32. axb5 axb5 33. Rxb5 Kg7 34. Rb7+ Kh6 35. Rd1 Rc7 36. Rxc7 Bxc7 37. Kg2 Be5 38. Rd7 g5 39. Kf3 Kg6 40. Ke4 h5 41. Rd3 Bb2 1/2-1/2

[Event "Eksjo-B"]
[Site "Eksjo"]
[Date "1982.??.??"]
[Round "6"]
[White "Johansson, Tommy"]
[Black "Martorelli, Antonio"]
[Result "0-1"]
[WhiteElo "2200"]
[BlackElo "2270"]
[PlyCount "96"]
[EventDate "1982.??.??"]
[Source "www.chesslib.no"]
[SourceDate "2004.05.04"]

1. d4 Nf6 2. c4 g6 3. Nc3 Bg7 4. e4 d6 5. f4 c5 6. d5 O-O 7. Nf3 e6 8. Be2 exd5 9. e5 Nfd7 10. cxd5 dxe5 11. O-O Re8 12. d6 Nc6 13. Nd5 Rb8 14. Ng5 e4 15. Bc4 Bd4+ 16. Kh1 Nf8 17. Nc7 Ne6 18. Nxe8 Qxe8 19. Nxe4 b5 20. Bb3 c4 21. Bc2 f5 22. Nc3 Nb4 23. Re1 Qc6 24. a3 Bb7 25. Re2 Nxc2 26. Qxc2 Re8 27. a4 b4 28. Nb5 Kf7 29. d7 Rd8 30. Qxc4 Qxc4 31. Nd6+ Kf6 32. Nxc4 Ba6 33. Rxe6+ Kxe6 34. Be3 Rxd7 35. Bxd4 Rxd4 36. Re1+ Kd5 37. Ne5 Rd2 38. Rb1 Bb7 39. Kg1 Ke4 40. g3 Re2 41. b3 Kd4 42. Rd1+ Kc3 43. Rd3+ Kc2 44. Rd7 Be4 45. Rxa7 Kxb3 46. a5 Ka2 47. a6 b3 48. Nc4 Rc2 0-1

[Event "OL9697"]
[Site "Bayern"]
[Date "1996.??.??"]
[Round "?"]
[White "Keller, Manfred"]
[Black "Dengler, Peter"]
[Result "1-0"]
[WhiteElo "2205"]
[BlackElo "2265"]
[PlyCount "79"]
[EventDate "1996.10.??"]
[Source "www.chesslib.no"]
[SourceDate "2004.05.04"]

1. d4 g6 2. e4 d6 3. c4 Bg7 4. Nc3 Nf6 5. f4 O-O 6. Nf3 c5 7. d5 e6 8. Be2 exd5 9. e5 Ng4 10. cxd5 dxe5 11. h3 e4 12. hxg4 exf3 13. gxf3 Re8 14. Kf1 a6 15. Qc2 b5 16. f5 Ra7 17. Bd3 Nd7 18. Qh2 Nf8 19. Bh6 f6 20. Rd1 b4 21. Ne4 gxf5 22. Nd6 fxg4 23. Nxe8 Qxe8 24. Re1 Qd8 25. d6 Bxh6 26. Bc4+ Kh8 27. Qxh6 Qxd6 28. Rh5 Rg7 29. Rd5 Qg3 30. Re8 Qxf3+ 31. Kg1 Qg3+ 32. Kf1 Qf3+ 33. Ke1 Qg3+ 34. Kd1 Qg1+ 35. Kc2 b3+ 36. Kxb3 Qg3+ 37. Rd3 Qb8+ 38. Kc2 Be6 39. Rxb8 Bxc4 40. Rxf8+ 1-0

[Event "Oakham YM"]
[Site "Oakham"]
[Date "1986.??.??"]
[Round "6"]
[White "Ludvigsen, Frode"]
[Black "Adler, Joel"]
[Result "0-1"]
[WhiteElo "2235"]
[BlackElo "2220"]
[PlyCount "79"]
[EventDate "1986.04.??"]
[Source "ChessBase"]

1. d4 Nf6 2. c4 c5 3. d5 d6 4. Nc3 g6 5. e4 Bg7 6. Be2 O-O 7. f4 e6 8. Nf3 exd5 9. e5 dxe5 10. fxe5 Ng4 11. Bg5 Qa5 12. cxd5 Nxe5 13. O-O Nbd7 14. d6 f6 15. Bf4 Nf7 16. Nd5 b5 17. a4 b4 18. Nd2 Nde5 19. Bxe5 Nxe5 20. Nb3 Qd8 21. Nxf6+ Kh8 22. Ne4 Rxf1+ 23. Bxf1 c4 24. Nbc5 Bf5 25. Qd5 Rc8 26. Rd1 c3 27. bxc3 bxc3 28. Ba6 Bxe4 29. Nxe4 Qb6+ 30. Kh1 Qxa6 31. d7 Nxd7 32. Qxd7 c2 33. Rc1 Qc6 34. Qh3 Rd8 35. Qf3 Qxe4 36. Qxe4 Rd1+ 37. Qe1 Rxe1+ 38. Rxe1 Bb2 39. Kg1 c1=Q 40. Rxc1 0-1

[Event "Politiken Cup"]
[Site "?"]
[Date "2004.07.25"]
[Round "2"]
[White "Bach Matthias"]
[Black "Laursen Niels Norskov"]
[Result "1-0"]
[WhiteElo "2354"]
[BlackElo "2097"]
[PlyCount "41"]
[EventDate "2004.??.??"]
[Source "www.chesslib.no"]
[SourceDate "2004.05.04"]

1. d4 Nf6 2. c4 c5 3. d5 e6 4. Nc3 exd5 5. cxd5 d6 6. e4 g6 7. f4 Qe7 8. Nf3 Bg4 9. Be2 Bxf3 10. Bxf3 Bg7 11. O-O O-O 12. e5 Ne8 13. Ne4 dxe5 14. d6 Qd8 15. fxe5 Bxe5 16. Bg5 f6 17. Qd5+ Kg7 18. Nxc5 Qb6 19. Be3 Kh8 20. Qxb7 Nxd6 21. Qxa8 1-0

[Event "Sala Open"]
[Site "Salamanca ESP"]
[Date "1995.??.??"]
[Round "4"]
[White "Kantorik, Marian"]
[Black "Betko, Lubomir"]
[Result "1-0"]
[WhiteElo "2265"]
[BlackElo "2185"]
[PlyCount "49"]
[EventDate "1995.??.??"]
[Source "www.chesslib.no"]
[SourceDate "2004.05.04"]

1. d4 Nf6 2. c4 g6 3. Nc3 Bg7 4. e4 d6 5. f4 O-O 6. Nf3 c5 7. d5 e6 8. Be2 exd5 9. e5 Ne4 10. Nxd5 Nc6 11. Bd3 f5 12. exf6 Nxf6 13. O-O Nxd5 14. cxd5 Nd4 15. Ng5 Qb6 16. Kh1 Re8 17. Nxh7 Kxh7 18. Qh5+ Kg8 19. Bxg6 Qb5 20. Bd2 Bf5 21. Qh7+ Kf8 22. Bxf5 Re2 23. Be6 Nxe6 24. f5 Ke7 25. fxe6 1-0

[Event "Marijampole op-B"]
[Site "?"]
[Date "2000.??.??"]
[Round "?"]
[White "Plunge Gintautas"]
[Black "Godlauskas Kazys"]
[Result "0-1"]
[WhiteElo "2209"]
[BlackElo "2225"]
[PlyCount "48"]
[EventDate "2000.??.??"]
[Source "www.chesslib.no"]
[SourceDate "2004.05.04"]

1. c4 Nf6 2. Nc3 g6 3. e4 d6 4. d4 Bg7 5. f4 O-O 6. Nf3 c5 7. d5 e6 8. Be2 exd5 9. e5 dxe5 10. fxe5 Ng4 11. Bg5 Qa5 12. cxd5 Nxe5 13. O-O Nbd7 14. Qd2 Nxf3+ 15. Bxf3 Ne5 16. Be2 Bf5 17. Bh6 Bxh6 18. Qxh6 Qb4 19. Rxf5 Qxb2 20. Rc1 gxf5 21. Bd3 Qf2+ 22. Kh1 Ng6 23. d6 Rae8 24. h3 Re1+ 0-1

[Event "Budapest FS02 IM-B"]
[Site "Budapest"]
[Date "2001.02.08"]
[Round "5"]
[White "Schulze, Hubertus"]
[Black "Meszaros, Tamas"]
[Result "1-0"]
[WhiteElo "2181"]
[BlackElo "2239"]
[PlyCount "85"]
[EventDate "2001.02.03"]
[Source "ChessBase"]
[SourceDate "2001.03.08"]

1. d4 Nf6 2. c4 g6 3. Nc3 Bg7 4. e4 d6 5. Be2 O-O 6. f4 c5 7. d5 e6 8. Nf3 exd5 9. e5 dxe5 10. fxe5 Ng4 11. Bg5 Qa5 12. cxd5 Nd7 13. e6 fxe6 14. dxe6 Ndf6 15. e7 Re8 16. Qb3+ Kh8 17. h3 Nh6 18. Bxh6 Bxh6 19. Qf7 Bg7 20. O-O c4 21. Qxc4 Rxe7 22. Qb5 Qxb5 23. Bxb5 a6 24. Bd3 Be6 25. Rae1 Rae8 26. Re2 Nh5 27. Ng5 Bg8 28. Rxe7 Rxe7 29. Nge4 b5 30. a3 Bd4+ 31. Kh2 Be5+ 32. g3 Rd7 33. Be2 Ng7 34. Rf8 Nf5 35. Bg4 Bxc3 36. bxc3 Kg7 37. Rxg8+ Kxg8 38. Nf6+ Kf7 39. Nxd7 Ke6 40. Bxf5+ gxf5 41. Nc5+ Kd5 42. Nxa6 Kc4 43. Nc7 1-0

[Event "Corr"]
[Site "?"]
[Date "1997.??.??"]
[Round "?"]
[White "Gundrum Andreas"]
[Black "Dietze Otto"]
[Result "1/2-1/2"]
[WhiteElo "2300"]
[BlackElo "2120"]
[PlyCount "93"]
[EventDate "1997.??.??"]
[Source "www.chesslib.no"]
[SourceDate "2004.05.04"]

1. d4 Nf6 2. c4 g6 3. Nc3 Bg7 4. e4 d6 5. f4 O-O 6. Nf3 c5 7. d5 e6 8. Be2 exd5 9. e5 dxe5 10. fxe5 Ng4 11. Bg5 f6 12. exf6 Bxf6 13. Qxd5+ Qxd5 14. Nxd5 Bxg5 15. Nxg5 Nc6 16. Nc7 Rb8 17. Nge6 Bxe6 18. Nxe6 Rfe8 19. Bxg4 Nd4 20. O-O Nxe6 21. Bf3 Re7 22. Rae1 Rbe8 23. Re5 Nd4 24. Rxc5 a6 25. Bd5+ Kg7 26. Ra5 Ne2+ 27. Kh1 Nc1 28. Ra3 Re1 29. Raf3 b6 30. a3 Nd3 31. b4 R8e3 32. Kg1 Rxf3 33. Rxe1 Nxe1 34. Bxf3 Nc2 35. c5 bxc5 36. bxc5 Kf6 37. a4 a5 38. Kf2 Ke5 39. Ba8 Nd4 40. Ke3 Ne6 41. c6 Kd6 42. Kd3 Nc5+ 43. Kc4 Nxa4 44. Kb5 Nc3+ 45. Kxa5 Kc7 46. Bb7 Nd1 47. Kb5 1/2-1/2

[Event "Asia-ch (Women)"]
[Site "Genting Highlands"]
[Date "1998.??.??"]
[Round "?"]
[White "Gokhale, Anupama"]
[Black "Nguyen Thi Thuan Hoa"]
[Result "1-0"]
[WhiteElo "2205"]
[BlackElo "2210"]
[PlyCount "73"]
[EventDate "1998.04.??"]
[Source "www.chesslib.no"]
[SourceDate "2004.05.04"]

1. d4 Nf6 2. c4 g6 3. Nc3 Bg7 4. e4 d6 5. f4 O-O 6. Nf3 c5 7. d5 e6 8. Be2 exd5 9. e5 Nfd7 10. cxd5 dxe5 11. O-O exf4 12. Bxf4 Na6 13. Qd2 f5 14. d6 Nb6 15. Nd5 Nb4 16. Ne7+ Kh8 17. Be5 Qe8 18. Qh6 Bxe5 19. Nxg6+ Qxg6 20. Qxf8+ Qg8 21. Qxg8+ Kxg8 22. Nxe5 Be6 23. a3 Nc2 24. Rac1 Nd4 25. Bf3 Nxf3+ 26. gxf3 c4 27. Kf2 Kg7 28. f4 Rc8 29. Rfd1 Kf6 30. b3 c3 31. d7 Rd8 32. Rxc3 Ke7 33. Rc7 Bxb3 34. Re1 Kf6 35. Rxb7 Be6 36. Rxa7 h5 37. Ra6 1-0

[Event "AUT-ch"]
[Site "AUT"]
[Date "1979.??.??"]
[Round "2"]
[White "Swoboda, Ernst"]
[Black "Kargl, Kurt"]
[Result "0-1"]
[WhiteElo "2200"]
[BlackElo "2200"]
[PlyCount "82"]
[EventDate "1979.??.??"]
[Source "www.chesslib.no"]
[SourceDate "2004.05.04"]

1. c4 g6 2. Nc3 Bg7 3. d4 Nf6 4. e4 d6 5. f4 c5 6. d5 O-O 7. Nf3 e6 8. Be2 exd5 9. e5 Nfd7 10. cxd5 dxe5 11. O-O Na6 12. Kh1 Nc7 13. fxe5 Nxe5 14. Bg5 Qd6 15. Bf4 Re8 16. Re1 Bd7 17. Bxe5 Bxe5 18. Ne4 Qxd5 19. Nxe5 Qxe5 20. Qxd7 Re7 21. Qd6 Qxe4 22. Bf1 Qxe1 23. Rxe1 Rxe1 24. Kg1 Ne6 25. Kf2 Re4 26. Qd5 Rb4 27. b3 Rd8 28. Qe5 Rf4+ 29. Ke1 Rf5 30. Qg3 Nd4 31. Bc4 Nc2+ 32. Ke2 Nd4+ 33. Ke1 b5 34. Bd3 Rf6 35. Qg5 Rfd6 36. Bf1 Ne6 37. Qf6 Rd1+ 38. Kf2 R8d5 39. Ke2 a6 40. a4 bxa4 41. bxa4 R1d4 0-1

[Event "Graz op"]
[Site "?"]
[Date "1996.??.??"]
[Round "?"]
[White "Kock Hans Uwe"]
[Black "Nickl Klaus"]
[Result "1-0"]
[WhiteElo "2235"]
[BlackElo "2155"]
[PlyCount "107"]
[EventDate "1996.??.??"]
[Source "www.chesslib.no"]
[SourceDate "2004.05.04"]

1. d4 Nf6 2. c4 g6 3. Nc3 Bg7 4. e4 d6 5. f4 O-O 6. Be2 c5 7. d5 e6 8. Nf3 exd5 9. e5 dxe5 10. fxe5 Ne4 11. Nxd5 Qa5+ 12. Nd2 Nxd2 13. Bxd2 Qd8 14. Bc3 Nd7 15. Qd2 Qh4+ 16. g3 Qe4 17. O-O Bxe5 18. Bf3 Bd4+ 19. Kg2 Qe5 20. Rae1 Qg7 21. Ne7+ Kh8 22. Nxc8 Raxc8 23. Bxb7 Rcd8 24. Bxd4 Qxd4 25. Qxd4+ cxd4 26. b3 Nc5 27. Bd5 f5 28. Rd1 a5 29. Rxd4 Rfe8 30. Rdd1 Kg7 31. h4 Re2+ 32. Rf2 Rxf2+ 33. Kxf2 Kf6 34. Bf3 Ne4+ 35. Ke3 Rxd1 36. Bxd1 Nxg3 37. a3 Ke5 38. b4 axb4 39. axb4 f4+ 40. Kf3 Nf5 41. b5 Nxh4+ 42. Kg4 Nf5 43. b6 Kd6 44. c5+ Kd7 45. Kxf4 Ng7 46. Ke5 h5 47. Kf6 Nf5 48. Kxg6 Ne3 49. Ba4+ Kc8 50. Kxh5 Nc4 51. Bc6 Ne5 52. Be4 Kb8 53. c6 Nd7 54. c7+ 1-0

[Event "Tchigorine (memorial)"]
[Site "?"]
[Date "2004.10.19"]
[Round "4.65"]
[White "Marinin Viktor"]
[Black "Semenova Irina"]
[Result "0-1"]
[WhiteElo "2088"]
[BlackElo "2287"]
[PlyCount "104"]
[EventDate "2004.??.??"]
[Source "www.chesslib.no"]
[SourceDate "2004.05.04"]

1. d4 Nf6 2. c4 g6 3. Nc3 Bg7 4. e4 d6 5. f4 O-O 6. Nf3 c5 7. d5 e6 8. Be2 exd5 9. e5 dxe5 10. fxe5 Ng4 11. cxd5 Nxe5 12. O-O Nbd7 13. d6 Nxf3+ 14. Bxf3 Ne5 15. Bd5 Qxd6 16. Ne4 Qc7 17. Be3 Ng4 18. Bf4 Be5 19. g3 Bf5 20. Ng5 Bxf4 21. Rxf4 Ne3 22. Qf3 Nxd5 23. Qxd5 Rad8 24. Qf3 Bc8 25. Rf1 f5 26. Qc3 h5 27. Qc4+ Kg7 28. Qc3+ Kh6 29. Qc1 Kg7 30. Qc3+ Kg8 31. Qc4+ Kh8 32. Qc3+ Qg7 33. Qxc5 Qxb2 34. Re1 Qf6 35. h4 Rfe8 36. Rxe8+ Rxe8 37. Rd4 b6 38. Qd5 Be6 39. Qd6 Kg7 40. Kh2 Bf7 41. Qf4 Qc6 42. Qd2 Kg8 43. Rd7 Re2+ 44. Qxe2 Qxd7 45. Qe5 Qd2+ 46. Kh3 Qd5 47. Qb8+ Kg7 48. Kh2 Qxa2+ 49. Kg1 Qb1+ 50. Kf2 Qc2+ 51. Ke3 Qc5+ 52. Kd2 b5 0-1

[Event "Balatonbereny op"]
[Site "Balatonbereny"]
[Date "1994.??.??"]
[Round "4"]
[White "Kock, Hans Uwe"]
[Black "Kecskes, Gabor"]
[Result "1-0"]
[WhiteElo "2245"]
[BlackElo "2110"]
[PlyCount "69"]
[EventDate "1994.09.??"]
[Source "www.chesslib.no"]
[SourceDate "2004.05.04"]

1. d4 Nf6 2. c4 g6 3. Nc3 Bg7 4. e4 d6 5. f4 O-O 6. Be2 c5 7. d5 e6 8. Nf3 exd5 9. e5 dxe5 10. fxe5 Ng4 11. Bg5 Qa5 12. cxd5 Nd7 13. O-O Ndxe5 14. Nxe5 Nxe5 15. Be7 Re8 16. d6 c4 17. Kh1 Be6 18. Qd2 f5 19. Rad1 Nc6 20. Bg5 Nd4 21. Rfe1 b5 22. Bf3 Rab8 23. Rxe6 Rxe6 24. Bd5 b4 25. Bxe6+ Nxe6 26. Nd5 c3 27. bxc3 bxc3 28. Qc1 Nxg5 29. Ne7+ Kh8 30. Nc6 Qb6 31. Nxb8 Ne4 32. Rf1 Qxb8 33. d7 Qd6 34. Qf4 Qxd7 35. Qb8+ 1-0

[Event "Brasschaat"]
[Site "?"]
[Date "2005.08.21"]
[Round "2.2"]
[White "Docx Stefan"]
[Black "Allaert Dimitri"]
[Result "1/2-1/2"]
[WhiteElo "2374"]
[BlackElo "1978"]
[PlyCount "40"]
[EventDate "2005.??.??"]
[Source "www.chesslib.no"]
[SourceDate "2004.05.04"]

1. d4 Nf6 2. c4 c5 3. d5 e6 4. Nc3 exd5 5. cxd5 d6 6. e4 g6 7. f4 Qe7 8. Nf3 Bg4 9. Qa4+ Nbd7 10. Nd2 Nh5 11. g3 Nxf4 12. h3 Bh5 13. Rh2 Bg7 14. Bb5 O-O 15. gxf4 Qh4+ 16. Kf1 Qxf4+ 17. Rf2 Qg3 18. Bxd7 Bd4 19. Rg2 Qf4+ 20. Ke1 Qh4+ 1/2-1/2

[Event "CUB Ch"]
[Site "Matanzas City CUB"]
[Date "1994.??.??"]
[Round "2"]
[White "Palao, Maricela"]
[Black "Hernandez, Tania"]
[Result "1-0"]
[WhiteElo "2155"]
[BlackElo "2175"]
[PlyCount "75"]
[EventDate "1994.??.??"]
[Source "www.chesslib.no"]
[SourceDate "2004.05.04"]

1. d4 Nf6 2. c4 c5 3. d5 e6 4. Nc3 exd5 5. cxd5 d6 6. e4 g6 7. f4 Bg7 8. Nf3 Bg4 9. Be2 Bxf3 10. Bxf3 Nbd7 11. O-O O-O 12. Qe2 Re8 13. Be3 a6 14. a4 Qa5 15. Bd2 Qc7 16. a5 Rac8 17. Qc4 Rb8 18. Na4 b5 19. axb6 Nxb6 20. Nxb6 Qxb6 21. Rxa6 Qxb2 22. Ra2 Qb3 23. Qxb3 Rxb3 24. Re1 Nd7 25. Bd1 Bd4+ 26. Kf1 Rb7 27. Ra6 Rb2 28. Be3 Bc3 29. Bc1 Rb4 30. Re3 Bd4 31. Re1 Nf6 32. Bf3 Rc4 33. e5 Rc2 34. Be3 Bc3 35. Rc1 Rxc1+ 36. Bxc1 Rb8 37. exf6 Rb1 38. Ra8+ 1-0

[Event "POL-chT2"]
[Site "Polanica Zdroj"]
[Date "1999.??.??"]
[Round "1"]
[White "Grobelny, Alojzy"]
[Black "Lercel, Michal"]
[Result "1/2-1/2"]
[WhiteElo "2202"]
[BlackElo "2123"]
[PlyCount "40"]
[EventDate "1999.??.??"]
[Source "www.chesslib.no"]
[SourceDate "2004.05.04"]

1. d4 Nf6 2. c4 g6 3. Nc3 Bg7 4. e4 O-O 5. f4 d6 6. Nf3 c5 7. d5 e6 8. Be2 exd5 9. e5 Ne8 10. cxd5 Nd7 11. e6 fxe6 12. Ng5 Nb6 13. dxe6 Qe7 14. a4 Bxe6 15. a5 Nd7 16. O-O Nc7 17. Nxe6 Qxe6 18. Bg4 Bd4+ 19. Kh1 Qf7 20. Ne2 Bg7 1/2-1/2

[Event "Tatry op"]
[Site "?"]
[Date "1997.??.??"]
[Round "8"]
[White "Zapletal Jiri"]
[Black "Bures Vit"]
[Result "1-0"]
[WhiteElo "2175"]
[BlackElo "2150"]
[PlyCount "33"]
[EventDate "1997.??.??"]
[Source "www.chesslib.no"]
[SourceDate "2004.05.04"]

1. c4 Nf6 2. Nc3 g6 3. e4 d6 4. d4 Bg7 5. f4 O-O 6. Nf3 c5 7. d5 e6 8. Be2 exd5 9. e5 dxe5 10. fxe5 Ng4 11. Bg5 Qa5 12. cxd5 Nxe5 13. O-O f6 14. Nxe5 fxe5 15. Rxf8+ Bxf8 16. d6 Be6 17. Nd5 1-0